<?xml version="1.0" encoding="UTF-8"?><marc:collection xmlns:marc="http://www.loc.gov/MARC21/slim">
  <marc:record>
    <marc:leader>00000nam  2200000za 4500</marc:leader>
    <marc:controlfield tag="001">9.839055</marc:controlfield>
    <marc:controlfield tag="003">CaOODSP</marc:controlfield>
    <marc:controlfield tag="005">20221107151525</marc:controlfield>
    <marc:controlfield tag="007">cr |||||||||||</marc:controlfield>
    <marc:controlfield tag="008">170717s2017    onc     ob   f000 0 eng d</marc:controlfield>
    <marc:datafield tag="040" ind1=" " ind2=" ">
      <marc:subfield code="a">CaOODSP</marc:subfield>
      <marc:subfield code="b">eng</marc:subfield>
    </marc:datafield>
    <marc:datafield tag="043" ind1=" " ind2=" ">
      <marc:subfield code="a">n-cn---</marc:subfield>
    </marc:datafield>
    <marc:datafield tag="086" ind1="1" ind2=" ">
      <marc:subfield code="a">SW21-172/2017E-PDF</marc:subfield>
    </marc:datafield>
    <marc:datafield tag="245" ind1="0" ind2="0">
      <marc:subfield code="a">It's time </marc:subfield>
      <marc:subfield code="h">[electronic resource] : </marc:subfield>
      <marc:subfield code="b">Canada's strategy to prevent and address gender-based violence.</marc:subfield>
    </marc:datafield>
    <marc:datafield tag="246" ind1="3" ind2="0">
      <marc:subfield code="a">Canada's strategy to prevent and address gender-based violence</marc:subfield>
    </marc:datafield>
    <marc:datafield tag="260" ind1=" " ind2=" ">
      <marc:subfield code="a">[Ottawa] : </marc:subfield>
      <marc:subfield code="b">[Status of Women Canada], </marc:subfield>
      <marc:subfield code="c">[2017]</marc:subfield>
    </marc:datafield>
    <marc:datafield tag="300" ind1=" " ind2=" ">
      <marc:subfield code="a">6 v. (1, 2, 1, 2, 3, 2 p.)</marc:subfield>
    </marc:datafield>
    <marc:datafield tag="500" ind1=" " ind2=" ">
      <marc:subfield code="a">Issued also in French under title: Il est temps : la stratégie du Canada pour prévenir et contrer la violence fondée sur le sexe.</marc:subfield>
    </marc:datafield>
    <marc:datafield tag="500" ind1=" " ind2=" ">
      <marc:subfield code="a">Caption title.</marc:subfield>
    </marc:datafield>
    <marc:datafield tag="504" ind1=" " ind2=" ">
      <marc:subfield code="a">Includes bibliographical references.</marc:subfield>
    </marc:datafield>
    <marc:datafield tag="505" ind1="0" ind2="0">
      <marc:subfield code="t">It's time to recognize : what is gender-based violence? -- </marc:subfield>
      <marc:subfield code="t">It's time to acknowledge : who is affected by gender-based violence? -- </marc:subfield>
      <marc:subfield code="t">It's time to pay attention : consultations and reports -- </marc:subfield>
      <marc:subfield code="t">It's time to act : recent federal actions -- </marc:subfield>
      <marc:subfield code="t">It's time : Canada's strategy to prevent and address gender-based violence -- </marc:subfield>
      <marc:subfield code="t">Glossary.</marc:subfield>
    </marc:datafield>
    <marc:datafield tag="520" ind1=" " ind2=" ">
      <marc:subfield code="a">“It’s Time: Canada’s Strategy to Prevent and Address Gender-Based Violence is the Government of Canada’s response to gender-based violence (GBV). It builds on current federal initiatives, coordinates existing programs and lays the foundation for greater action on GBV. The Strategy is based on three pillars: prevention; support for survivors and their families; and promotion of responsive legal and justice systems. The Strategy will fill gaps in support for diverse populations, which could include: women and girls, Indigenous people, LGBTQ2 members, gender non-conforming people, those living in northern, rural, and remote communities, people with disabilities, newcomers, children and youth, and seniors. Men and boys will also be engaged in awareness activities. As part of the Strategy, the Gender-Based Violence Knowledge Centre will be created within Status of Women Canada to better align government resources and enable the sharing and development of research into GBV”--Provided by publisher.</marc:subfield>
    </marc:datafield>
    <marc:datafield tag="692" ind1="0" ind2="7">
      <marc:subfield code="2">gccst</marc:subfield>
      <marc:subfield code="a">Gender discrimination</marc:subfield>
    </marc:datafield>
    <marc:datafield tag="692" ind1="0" ind2="7">
      <marc:subfield code="2">gccst</marc:subfield>
      <marc:subfield code="a">Violence</marc:subfield>
    </marc:datafield>
    <marc:datafield tag="692" ind1="0" ind2="7">
      <marc:subfield code="2">gccst</marc:subfield>
      <marc:subfield code="a">Government policy</marc:subfield>
    </marc:datafield>
    <marc:datafield tag="710" ind1="1" ind2=" ">
      <marc:subfield code="a">Canada. </marc:subfield>
      <marc:subfield code="b">Status of Women Canada.</marc:subfield>
    </marc:datafield>
    <marc:datafield tag="775" ind1="0" ind2="8">
      <marc:subfield code="t">Il est temps </marc:subfield>
      <marc:subfield code="w">(CaOODSP)9.839058</marc:subfield>
    </marc:datafield>
    <marc:datafield tag="856" ind1="4" ind2="0">
      <marc:subfield code="q">PDF</marc:subfield>
      <marc:subfield code="s">2.68 MB</marc:subfield>
      <marc:subfield code="u">https://publications.gc.ca/collections/collection_2017/cfc-swc/SW21-172-2017-1-eng.pdf</marc:subfield>
      <marc:subfield code="z">It's time to recognize : what is gender-based violence?</marc:subfield>
    </marc:datafield>
    <marc:datafield tag="856" ind1="4" ind2="0">
      <marc:subfield code="q">PDF</marc:subfield>
      <marc:subfield code="s">2.69 MB</marc:subfield>
      <marc:subfield code="u">https://publications.gc.ca/collections/collection_2017/cfc-swc/SW21-172-2017-2-eng.pdf</marc:subfield>
      <marc:subfield code="z">It's time to acknowledge : who is affected by gender-based violence?</marc:subfield>
    </marc:datafield>
    <marc:datafield tag="856" ind1="4" ind2="0">
      <marc:subfield code="q">PDF</marc:subfield>
      <marc:subfield code="s">2.69 MB</marc:subfield>
      <marc:subfield code="u">https://publications.gc.ca/collections/collection_2017/cfc-swc/SW21-172-2017-3-eng.pdf</marc:subfield>
      <marc:subfield code="z">It's time to pay attention : consultations and reports</marc:subfield>
    </marc:datafield>
    <marc:datafield tag="856" ind1="4" ind2="0">
      <marc:subfield code="q">PDF</marc:subfield>
      <marc:subfield code="s">2.70 MB</marc:subfield>
      <marc:subfield code="u">https://publications.gc.ca/collections/collection_2017/cfc-swc/SW21-172-2017-4-eng.pdf</marc:subfield>
      <marc:subfield code="z">It's time to act : recent federal actions</marc:subfield>
    </marc:datafield>
    <marc:datafield tag="856" ind1="4" ind2="0">
      <marc:subfield code="q">PDF</marc:subfield>
      <marc:subfield code="s">2.69 MB</marc:subfield>
      <marc:subfield code="u">https://publications.gc.ca/collections/collection_2017/cfc-swc/SW21-172-2017-5-eng.pdf</marc:subfield>
      <marc:subfield code="z">It's time : Canada's strategy to prevent and address gender-based violence</marc:subfield>
    </marc:datafield>
    <marc:datafield tag="856" ind1="4" ind2="0">
      <marc:subfield code="q">PDF</marc:subfield>
      <marc:subfield code="s">2.68 MB</marc:subfield>
      <marc:subfield code="u">https://publications.gc.ca/collections/collection_2017/cfc-swc/SW21-172-2017-6-eng.pdf</marc:subfield>
      <marc:subfield code="z">Glossary</marc:subfield>
    </marc:datafield>
  </marc:record>
</marc:collection>
